Alle aktuellen und ehemaligen Rapper bei Selfmade Records - Statistiken

Allgemein
  • Dieses Quiz wurde 96 mal gespielt
  • Das Durchschnittsergebnis liegt bei 3 aus 10
Answers on the Grid
Answers color-coded by a green-red scale on the quiz's grid according to % correct below.
Summer Cem
Kollegah
Hollywood Hank
18 Karat
Die Orsons
Favorite
Shiml
Alligatoah
KIZ
Karate Andi
Elvir Omerbegovic
AK AusserKontrolle
Casper
Cro
Luciano
257ers
Marteria
Jalil
Tlow
Genetikk
Rizbo
Massiv
Money Boy
Johnny Illstrument
Silla
 
Antwortstatistiken
Antwort % Korrekt
Kollegah
96%
Favorite
46%
257ers
33%
Genetikk
33%
Karate Andi
33%
Casper
29%
Shiml
29%
Elvir Omerbegovic
21%
Rizbo
17%
Johnny Illstrument
10%
Keine übereinstimmenden Quizze gefunden
Verteilung der Resultate
Anzahl Personen mit jedem Resultat
Perzentil nach korrekt beantworteten Fragen
Ihre Resultats-Entwicklung
Sie haben dieses Quiz noch nicht gespielt